Every Card in Clash Royale - Statistics

General Stats
  • This quiz has been taken 48 times
    27 since last reset
  • The average score is 56 of 142
Answer Stats
Arena Card Name % Correct
Training Camp Giant
85%
Training Camp Mini P.E.K.K.A
85%
Training Camp Archers
80%
Goblin Stadium Goblins
75%
Training Camp Knight
75%
Royal Arena Prince
75%
Bone Pit Skeletons
75%
Barbarian Bowl Barbarians
70%
Training Camp Arrows
65%
Spooky Town Graveyard
65%
P.E.K.K.A's Playhouse P.E.K.K.A
65%
P.E.K.K.A's Playhouse Skeleton Army
65%
Royal Crypt Archer Queen
60%
P.E.K.K.A's Playhouse Baby Dragon
60%
Jungle Arena Barbarian Hut
60%
Royal Arena Dark Prince
60%
Training Camp Fireball
60%
Jungle Arena Goblin Giant
60%
Goblin Stadium Goblin Hut
60%
Hog Mountain Golem
60%
Builder's Workshop Hog rider
60%
Electro Valley Mega Knight
60%
Electro Valley Miner
60%
Spell Valley Fire Spirit
55%
Executioner's Kitchen Golden Knight
55%
Training Camp Minions
55%
Goblin Stadium Spear Goblins
55%
Electro Valley The Log
55%
Bone Pit Valkyrie
55%
P.E.K.K.A's Playhouse Witch
55%
Builder's Workshop Zap
55%
Jungle Arena Barbarian Barrel
50%
Barbarian Bowl Cannon
50%
Spooky Town Electro dragon
50%
Electro Valley Electro Wizard
50%
Hog Mountain Elite Barbarians
50%
Goblin Stadium Goblin Cage
50%
Serenity Park Goblin Curse
50%
Deleted From Game Heal
50%
Frozen Peak Ice Golem
50%
Frozen Peak Ice Spirit
50%
Electro Valley Inferno Dragon
50%
Silent Sanctuary Little Prince
50%
Jungle Arena Poison
50%
Electro Valley Princess
50%
Executioner's Kitchen Skeleton King
50%
Serenity Park Elixir Golem
45%
Jungle Arena Goblin Gang
45%
Spell Valley Inferno Tower
45%
Royal Crypt Mighty Miner
45%
Silent Sanctuary Monk
45%
Training Camp Musketeer
45%
Serenity Park Rage
45%
Royal Arena Royal Hogs
45%
Spell Valley Wizard
45%
Royal Arena Balloon
40%
Builder's Workshop Bats
40%
Barbarian Bowl Battle Ram
40%
Royal Crypt Boss Bandit
40%
Tower Troop Cannoneer
40%
Miner's Mine Clone
40%
Jungle Arena Dart Goblin
40%
Rascal's Hideout Electro Giant
40%
Spell Valley Electro Spirit
40%
Hog Mountain Furnace
40%
Spooky Town Goblin Demolisher
40%
Miner's Mine Goblin Machine
40%
Silent Sanctuary Goblinstein
40%
Rascal's Hideout Heal Spirit
40%
Rascal's Hideout Magic Archer
40%
Barbarian Bowl Mega Minion
40%
Miner's Mine Mirror
40%
Builder's Workshop Mortar
40%
Builder's Workshop Rocket
40%
Royal Arena Royal Giant
40%
Electro Valley Sparky
40%
Bone Pit Tombstone
40%
Miner's Mine Tornado
40%
Frozen Peak Vines
40%
Spooky Town Wall Breakers
40%
Frozen Peak Battle Healer
35%
Bone Pit Bomber
35%
Tower Troop Dagger Duchess
35%
Spooky Town Earthquake
35%
Serenity Park Executioner
35%
Spooky Town Firecracker
35%
Frozen Peak Freeze
35%
Frozen Peak Giant Skeleton
35%
P.E.K.K.A's Playhouse Goblin Barrel
35%
P.E.K.K.A's Playhouse Guards
35%
Spooky Town Ice Wizard
35%
Rascal's Hideout Lava Hound
35%
Serenity Park Lumberjack
35%
Serenity Park Night Witch
35%
Electro Valley Ram Rider
35%
Rascal's Hideout Rascals
35%
Tower Troop Royal Chef
35%
Royal Arena Royal Recruits
35%
Spell Valley Skeleton Dragons
35%
Hog Mountain Tesla
35%
Tower Troop Tower Princess
35%
Hog Mountain X-Bow
35%
Hog Mountain Zappies
35%
Rascal's Hideout Bandit
30%
Spell Valley Bomb Tower
30%
Miner's Mine Mother Witch
30%
Spooky Town Royal Ghost
30%
Frozen Peak Snowball
30%
Royal Arena Three Musketeers
30%
Jungle Arena Berserker
25%
Miner's Mine Elixir Collector
25%
Serenity Park Goblin Drill
25%
Hog Mountain Hunter
25%
Hog Mountain Minion Horde
25%
Rascal's Hideout Bowler
20%
Miner's Mine Cannon Cart
20%
Serenity Park Royal Delivery
20%
Jungle Arena Rune Giant
20%
Miner's Mine Spirit Empress
20%
Rascal's Hideout Suspicious Bush
20%
Miner's Mine Fisherman
15%
Builder's Workshop Flying Machine
15%
Jungle Arena Skeleton Barrel
15%
Miner's Mine Void
15%
Temporary Card Warmth
15%
Temporary Card Party Hut
10%
Spooky Town Phoenix
10%
Temporary Card Rocket Silo
10%
Temporary Card Santa Hog Rider
10%
Temporary Card Super Archers
10%
Temporary Card Super Knight
10%
Temporary Card Super Magic Archer
10%
Temporary Card Super Mini P.E.K.K.A
10%
Temporary Card Super Witch
10%
Temporary Card Terry
10%
Temporary Card Barbarian Launcher
5%
Frozen Peak Lighting
5%
Temporary Card Party Rocket
5%
Temporary Card Super Lava Hound
5%
Temporary Card Wizard Trio
5%
Temporary Card Raging Prince
0%
Temporary Card Super Ice Golem
0%
No matching quizzes found
Score Distribution
Percent of People with Each Score
Percentile by Number Answered
Your Score History
You have not taken this quiz since the last reset